000 00789nam a22002417a 4500
005 20170124110217.0
010 _aA-375225
020 _c00.00
_a8151701834
035 _aA-375225
037 _bCen Lib/Ret
040 _aDPL
_bEN
082 _a133.03
_bSPE
100 _aSpence, Lewis
_939289
245 _aAn encyclopaedia of occult :
_cby Lewis Spence
_ba compendium of information on the occult sciences, occult personalities, psychic science, magic, spiritism, mysticism /
246 _b
260 _bBracken Books
_aLondon
_c1988
270 _bLondon
300 _a451p. :
_c27cm(Hb)
_bill.
500 _aIncludes bibliographical references
650 _aOccultism
_939290
650 _aOccultism -- Dictionaries
_939291
942 _2ddc
_cEN
_h133.03
_mSPE
999 _c133927
_d133927